000 00662nam a22001337a 4500
040 _cRUA
082 _aAGR NHO 2015 B474 Or.1
100 _aNHOU CHANTHOU; ញ៉ូ ចន្ធូ
245 _aEffects of biochar on corn ( zea mays.l) in farmer condition in kean svay district, kandal province; ប្រសិទ្ធភាពធ្យូងអង្កាមលើដំណាំពោតនៅក្នុងលក្ខខណ្ឌស្រែកសិករ នៅស្រុកកៀនស្វាយ ខេត្តកណ្តាល
260 _aPhnom Penh
_bRUA
_c2015
300 _axi;45p;
_bill;
_c29cm;
856 _uNHOU CHANTHOU
942 _cAGR
999 _c10408
_d10408